| 000 | 00466nam a2200181 a 4500 | ||
|---|---|---|---|
| 001 | 1930 | ||
| 005 | 20140414131921.0 | ||
| 008 | 030207s19uu xx 00 eng d | ||
| 020 | _a971-8910-90-5 | ||
| 050 |
_aER _bT42 2001 |
||
| 245 | _aThumbelina. | ||
| 260 |
_aMakati City, Philippines: _bStraight Lines, _c2001. |
||
| 300 | _a24 p. : ill. ; cm. | ||
| 440 | _aClassic Tales Collection | ||
| 650 | _aChildren stories. | ||
| 999 |
_c111749 _d111749 |
||